ASOIAF- All Baratheons - Statistics

General Stats
  • This quiz has been taken 627 times
  • The average score is 12 of 21
Answer Stats
Lived Name % Correct
277AC-299AC Renly I Baratheon
99%
262AC-298AC Robert I Baratheon
99%
264AC-present Stannis I Baratheon
98%
289AC-present Shireen Baratheon
85%
284AC-present Gendry Waters
84%
unknown-38AC Orys Baratheon
82%
246AC-278AC Steffon Baratheon
78%
287AC-present Edric Storm
68%
279AC-present Mya Stone
65%
unknown(presumed 245AC)-260AC Ormund Baratheon
55%
unknown(pre-209 AC)-245AC Lyonel Baratheon
53%
unknown(post 51AC)-131AC Borros Baratheon
51%
298AC-299AC Barra Waters
50%
51AC-unknown(pre 129AC) Boremund Baratheon
45%
52AC-unknown Jocelyn Baratheon
43%
283AC-present Bella Rivers
39%
unknown(pre 38AC)-unknown Davos Baratheon
36%
74AC-129AC Rhaenys Targaryen
30%
Robar Baratheon
30%
unknown-unknown(post 38AC) Raymont Baratheon
21%
unknown(pre 208AC)-unknown(post 208AC) Gowen Baratheon
20%
No matching quizzes found
Score Distribution
Percent of People with Each Score
Percentile by Number Answered
Your Score History
You have not taken this quiz